000 00990cam a22002055a 4500
008 230321s2020 xxk fo 000 0 eng d
041 0 _aeng
110 2 _aRoyal Institution of Chartered Surveyors
_94900
245 0 0 _aMeasurement matters
_bWhy ask for a property measurement to RICS standards?
_h[withdrawn]
260 _aLondon
_bRICS
_c2020
490 _aRICS Consumer Guide
520 _aThis consumer guide aims to ensure consistency in the measurement of residential property for sales and letting purposes to avoid new buyers and renters paying more than they should for a property based on inaccurate floorplans.
520 _aSupersedes the by 2018 edition
520 _aWithdrawn on issuance of the new Home Survey Standard, no new edition planned. Note there is no longer a test or certificate for surveyors for measuring.
650 2 4 _aFLOORPLANS
651 4 _aUnited Kingdom
690 _aMeasurement
_96256
690 _aResidential property
_96266
942 _n0
_2ddc
999 _c121404
_d121404